[Event "Panevezys-ch B"]
[Site "Panevezys"]
[Date "2007.02.16"]
[Round "3.7"]
[White "Rankele, Albinas"]
[Black "Pliksnys, Bronius"]
[Result "1/2-1/2"]
[WhiteElo "1668"]
[BlackElo "1722"]
[PlyCount "149"]
[EventDate "2007.02.04"]
[EventType "tourn"]
[EventRounds "13"]
[EventCountry "LTU"]
[SourceTitle "EXT 2024"]
[Source "ChessBase"]
[SourceDate "2023.10.10"]
[SourceVersion "1"]
[SourceVersionDate "2023.10.10"]
[SourceQuality "1"]

1. e4 e5 2. Nf3 Nc6 3. Bc4 Bc5 4. 0-0 d6 5. c3 Bg4 6. a3 Qf6 7. Be2 a6 8. d3 h6 9. b4 Ba7 10. Bb2 Nge7 11. Ne1 Bd7 12. Bc1 g5 13. Be3 Ng6 14. Bg4 0-0-0 15. Bxd7+ Rxd7 16. a4 Bxe3 17. fxe3 Qe6 18. b5 Nb8 19. bxa6 Nxa6 20. c4 g4 21. Nc3 c6 22. a5 f6 23. Na4 Rf7 24. Qd2 Ne7 25. Nc2 c5 26. Rab1 f5 27. exf5 Nxf5 28. e4 Ne7 29. Rxf7 Qxf7 30. Rf1 Qe6 31. Qf2 Nc6 32. Nb6+ Kb8 33. Qd2 Qe7 34. Rf5 Qd8 35. Na3 Nab4 36. Nb5 Nxa5 37. Nd5 Rf8 38. Rxf8 Qxf8 39. Nxb4 cxb4 40. Qxb4 Nc6 41. Qxd6+ Qxd6 42. Nxd6 Kc7 43. Nf5 h5 44. g3 Nb4 45. d4 exd4 46. Nxd4 Kd6 47. Kf2 Kc5 48. Ke3 Kxc4 49. Ne2 Nd3 50. Nf4 Nxf4 51. gxf4 b5 52. f5 Kc5 53. e5 Kd5 54. Kf4 b4 55. e6 Kd6 56. Kg5 Ke7 57. Kg6 b3 58. f6+ Kxe6 59. Kg7 b2 60. f7 b1Q 61. f8Q Qb2+ 62. Kg6 Qxh2 63. Qf7+ Kd6 64. Qf8+ Kd5 65. Qa8+ Kd4 66. Qa4+ Ke3 67. Qb3+ Kf2 68. Qc2+ Kg3 69. Qd3+ Kh4 70. Qd8+ Kh3 71. Qf6 Qe2 72. Qf5 Qe8+ 73. Kg5 Qe3+ 74. Kxh5 Qf3 75. Qd7 1/2-1/2